LEADER 00972nam a2200229 i 4500 001 000000162718 003 CaOOAMICUS 005 20070705000000.0 008 070705s1923 it u000 u ita u 013 $a140082 040 $aSeMil$bita 100 1 $aHeine, Heinrich,$d<1797-1856>.$0(OLS)http://semarc/name/7584 245 10$aPoesie :$bAtta Troll, Germania, poesie varie /$cEnrico Heine ; tradotte da Giuseppe Chiarini. 250 $aQuinta edizione riveduta e corretta. 260 $aBologna :$bNicola Zanichelli,$cstampa 1923. 300 $a422 p., [1] c. di ritr. ;$c20 cm. 700 1 $aChiarini, Giuseppe <1833-1908>.$0(OLS)http://semarc/name/15622 850 $aSeMil 852 $aSeMil$W1$xVenegono$y1$m1W II 420$j246641$B114049$CSeMilBibl$Z2$F124844 $81 961 $aRecupero: Altro 996 $6245$aPoesie :$bAtta Troll, Germania, poesie varie$9(OLS)http://semarc/title/232130 996 $6260$aBologna :$bNicola Zanichelli$9(OLS)http://semarc/publisher/30307 LEADER 01181nam a2200253 i 4500 001 000000229114 003 CaOOAMICUS 005 20140428000000.0 008 140428s1830 it u000 u mul u 013 $a208016 026 $aTONA 8.a- ".n- cour (3) 1830 (A 040 $aSeMil$bita 245 10$aVol. 5. 260 $aUdine :$bFratelli Mattiuzzi,$c1830. 300 $a[4], XVIII, [2], 336, [2] p. 500 $aContiene Dell'Istoria ecclesiastica di Rufino. 700 0 $aRufinus : Tyrannius,$c.$0(OLS)http://semarc/name/4102 773 0 $tCollezione delle opere dei padri e di altri autori ecclesiastici della Chiesa aquilejese tradotte illustrate ed impresse col testo a fronte cui si aggiungono le notizie intorno la vita e gli scritti de' singoli autori dall'abate G.O. Marzuttini.$dUdine : Fratelli Mattiuzzi, 1828-1831.$g5$w()29781 850 $aSeMil 852 $aSeMil$W1$xVenegono$y1$m2S I 77 FA$j179460$B179460$CSeMilBibl$Z2$F190559 $8I 900 0 $aRufino : d'Aquileia. 996 $6245$aVol. 5$9(OLS)http://semarc/title/108696 996 $6260$aUdine :$bFratelli Mattiuzzi$9(OLS)http://semarc/publisher/38217